Sidarta=Siddhartha/ (Record no. 21016)
| 000 -BAŞLIK | |
|---|---|
| Sabit Uzunluktaki Kontrol Alanı | 01053nam a22003377a 4500 |
| 001 - KONTROL NUMARASI | |
| Control Dosyası | 0021060 |
| 003 - KONTROL NUMARASI KİMLİĞİ | |
| Kontrol Alanı | KOHA_MİRAKIL |
| 005 - EN SON İŞLEM TARİHİ ve ZAMANI | |
| Kontrol Alanı | 20260207002309.0 |
| 007 - FİZİKSEL TANIM SABİT ALAN - GENEL BİLGİ | |
| Sabit uzunluklu kontrol alanı | ta |
| 008 - SABİT UZUNLUKTAKİ VERİ ÖGELERİ - GENEL BİLGİ | |
| Sabit Alan | 100813b1994 tu |||gr||||#||||1|tur | |
| 020 ## - ISBN - ULUSLARARASI STANDART KİTAP NUMARASI | |
| Isbn | 975414138X |
| Kullanılabilirlik koşulları | 3,5 |
| 040 ## - KATALOGLAMA KAYNAĞI | |
| Özgün Kataloglama Kurumu | TR-BiSEU |
| Kataloglama Dili | tur |
| Çeviri Kurumu | TR-BiSEU |
| Açıklama Kuralları | rda |
| 041 0# - DİL KODU | |
| Metin ya da ses kaydının dil kodu | tur |
| 044 ## - YAYINLAYAN/ÜRETEN KURULUŞUN ÜLKE KODU | |
| ISO country code | tu |
| 050 ## - SINIFLAMA ve YER NUMARASI | |
| Sınıflama Numarası | PT2617.E85 |
| Yer Numarası | H47 1994 |
| 100 1# - KİŞİ ADI | |
| Yazar Adı (Kişi adı) | Hesse, Hermann. |
| 245 1# - ESER ADI BİLDİRİMİ | |
| Başlık | Sidarta=Siddhartha/ |
| Sorumluluk Bildirimi | Hermann Hesse ; Hermann Hesse ;çev. Kamuran Şipal. |
| 264 #1 - ÜRERİM, YAYIN, DAĞITIM ve TELİF BİLDİRİMİ | |
| Yayın yeri | İstanbul : |
| Yayınlayan | Afa Yayınları |
| Yayın tarihi | 1994 |
| 300 ## - FİZİKSEL TANIMLAMA | |
| Sayfa, Cilt vb. | 176 p. ; |
| Boyutları | 20 cm. |
| 336 ## - İÇERİK TÜRÜ | |
| Content type term | metin |
| Content type code | txt |
| Source | rdacontent |
| 337 ## - MEDYA TÜRÜ | |
| Media type term | aracısız |
| Media type code | n |
| Source | rdamedia |
| 338 ## - TAŞIYICI TÜRÜ | |
| Carrier type term | cilt |
| Carrier type code | nc |
| Source | rdacarrier |
| 490 1# - DİZİ BİLDİRİMİ | |
| Dizi Bildirimi | AFa -Çağdaş Dünya Edebiyatı ; |
| Cilt Numarası | 27. |
| 490 1# - DİZİ BİLDİRİMİ | |
| Dizi Bildirimi | Afa -Yayınları ; |
| Cilt Numarası | 191. |
| 500 ## - GENEL NOT | |
| Genel Not | Originial title :Siddhartha |
| 650 #0 - KONU BAŞLIĞI EK GİRİŞ - KONU TERİMİ | |
| Konusal terim veya coğrafi ad | Gautama Buddha--Fiction. |
| 9 (RLIN) | 45148 |
| 650 #0 - KONU BAŞLIĞI EK GİRİŞ - KONU TERİMİ | |
| Konusal terim veya coğrafi ad | Spiritual life--Fiction. |
| 9 (RLIN) | 19169 |
| 830 1# - SERİ EK GİRİŞİ - TEKBİÇİM ESER ADI | |
| Tekbiçim Başlık | AFa -Çağdaş Dünya Edebiyatı ; |
| Volume number/sequential designation | 27. |
| 9 (RLIN) | 45149 |
| 830 1# - SERİ EK GİRİŞİ - TEKBİÇİM ESER ADI | |
| Tekbiçim Başlık | Afa -Yayınları ; |
| Volume number/sequential designation | 191. |
| 9 (RLIN) | 45150 |
| 942 ## - EK GİRİŞ ÖGELERİ (KOHA) | |
| Source of classification or shelving scheme | Library of Congress Classification |
| Koha item type | Book |
| Materyal Türü | Kalıcı Konum | Mevcut Konum | Sınıflandırma Kaynağı | Edinim Bilgisi | Ana Konular | Alt Konular | Yer Numarası | Demirbaş Numarası | Fatura Tarihi | Maliyet, Alış Fiyatı | Maliyet, Yenileme Fiyatı | Geri Çekilme Durumu | Kayıp Durumu | Hasarlı Durumu | Kredi için değil | Kayıt Tarih | Toplam Ödünçverme | Son Görülme Tarihi | Son Kontrol Tarihi | Genel / Bağış Notu | Raf Yeri |
|---|---|---|---|---|---|---|---|---|---|---|---|---|---|---|---|---|---|---|---|---|---|
| Book | BŞEÜ Osmaneli MYO Kütüphanesi | BŞEÜ Osmaneli MYO Kütüphanesi | Library of Congress Classification | Bağış | DİL VE EDEBİYAT | Alman - Hollanda - İskandinav Edebiyatları vb. | PT2617.E85 H47 1994 | 0021060 | 02/02/2026 | 3.50 | 3.50 | 13/08/2010 | 27/05/2025 | 27/05/2025 | Genel Bağış | ||||||
| Book | Prof. Dr. Azmi Özcan Kütüphanesi | Prof. Dr. Azmi Özcan Kütüphanesi | Library of Congress Classification | Bağış | DİL VE EDEBİYAT | Alman - Hollanda - İskandinav Edebiyatları vb. | PT2617.E85 S53 1994 | 0033803 | 02/02/2026 | 3.50 | 3.50 | 23/11/2011 | 15 | 07/05/2025 | 07/05/2025 | Gürsel Çınar | Birûni Salonu |
